Schneider+Schumacher / (Record no. 607765)

000 -LEADER
fixed length control field 02115cam a22004215a 4500
001 - CONTROL NUMBER
control field 17481350
003 - CONTROL NUMBER IDENTIFIER
control field OSt
005 - DATE AND TIME OF LATEST TRANSACTION
control field 20240215115656.0
008 - FIXED-LENGTH DATA ELEMENTS--GENERAL INFORMATION
fixed length control field 121002s2011 gw ad bc 100 0dger
010 ## - LIBRARY OF CONGRESS CONTROL NUMBER
LC control number 2011279811
020 ## - INTERNATIONAL STANDARD BOOK NUMBER
International Standard Book Number 9783791351476
020 ## - INTERNATIONAL STANDARD BOOK NUMBER
International Standard Book Number 3791351478
040 ## - CATALOGING SOURCE
Original cataloging agency DLC
Transcribing agency DLC
Modifying agency DLC
042 ## - AUTHENTICATION CODE
Authentication code pcc
082 ## - DEWEY DECIMAL CLASSIFICATION NUMBER
Classification number 720.922
Author Mark SCH
110 2# - MAIN ENTRY--CORPORATE NAME
Corporate name or jurisdiction name as entry element Schneider + Schumacher, Architekten.
9 (RLIN) 120530
245 10 - TITLE STATEMENT
Title Schneider+Schumacher /
Statement of responsibility, etc. [Herausgeber = editors: Peter Cachola Schmal, Till Schneider, Michael Schumacher].
246 33 - VARYING FORM OF TITLE
Title proper/short title Schneider + Schumacher
246 33 - VARYING FORM OF TITLE
Title proper/short title Schneider und Schumacher
246 3# - VARYING FORM OF TITLE
Title proper/short title S+S
260 ## - PUBLICATION, DISTRIBUTION, ETC.
Place of publication, distribution, etc. Munich ;
-- London ;
-- New York, NY :
Name of publisher, distributor, etc. Prestel,
Date of publication, distribution, etc. c2011.
300 ## - PHYSICAL DESCRIPTION
Extent 255 p. :
Other physical details col. ill. ;
Dimensions 31 cm.
500 ## - GENERAL NOTE
General note "Diese Publikation erscheint anlässlich der Ausstellung 'schneider+schumacher', 10. Dezember 2011 - 29. April 2012, veranstaltet vom Deutschen Architekturmuseum, Dezernat Kultur und Freizeit, Stadt Frankfurt am Main" = "This catalogue is published on the occasion of the exhibition 'schneider+schumacher', 10 December 2011 - 29 April 2012, organized by the Deutsches Architekturmuseum, Department of Culture and Leisure, City of Frankfurt am Main" --p. 254.
500 ## - GENERAL NOTE
General note Text in English and German.
610 20 - SUBJECT ADDED ENTRY--CORPORATE NAME
Corporate name or jurisdiction name as entry element Schneider + Schumacher, Architekten
Form subdivision Exhibitions.
9 (RLIN) 120531
650 #0 - SUBJECT ADDED ENTRY--TOPICAL TERM
Topical term or geographic name entry element Architects
Geographic subdivision Germany.
9 (RLIN) 120532
650 #0 - SUBJECT ADDED ENTRY--TOPICAL TERM
Topical term or geographic name entry element Architecture
Geographic subdivision Germany
General subdivision History
Chronological subdivision 21st century
Form subdivision Exhibitions.
9 (RLIN) 120533
650 #0 - SUBJECT ADDED ENTRY--TOPICAL TERM
Topical term or geographic name entry element Architecture
Geographic subdivision Germany
General subdivision History
Chronological subdivision 20th century
Form subdivision Exhibitions.
9 (RLIN) 120534
700 1# - ADDED ENTRY--PERSONAL NAME
Personal name Cachola Schmal, Peter,
Dates associated with a name 1960-
9 (RLIN) 120535
700 1# - ADDED ENTRY--PERSONAL NAME
Personal name Schneider, Till,
Dates associated with a name 1959-
9 (RLIN) 120536
700 1# - ADDED ENTRY--PERSONAL NAME
Personal name Schumacher, Michael,
Dates associated with a name 1950-
9 (RLIN) 120537
710 2# - ADDED ENTRY--CORPORATE NAME
Corporate name or jurisdiction name as entry element Deutsches Architekturmuseum.
9 (RLIN) 120538
711 2# - ADDED ENTRY--MEETING NAME
Meeting name or jurisdiction name as entry element Ausstellung Schneider + Schumacher
Date of meeting (2011-2012 :
Location of meeting Frankfurt am Main, Germany)
9 (RLIN) 120539
856 42 - ELECTRONIC LOCATION AND ACCESS
Materials specified Publisher description
Uniform Resource Identifier <a href="http://www.loc.gov/catdir/enhancements/fy1406/2011279811-d.html">http://www.loc.gov/catdir/enhancements/fy1406/2011279811-d.html</a>
906 ## - LOCAL DATA ELEMENT F, LDF (RLIN)
a 0
b ibc
c origres
d 2
e ncip
f 20
g y-gencatlg
942 ## - ADDED ENTRY ELEMENTS (KOHA)
Source of classification or shelving scheme
Koha item type Book
Institution code [OBSOLETE] SADA
Call number prefix 720.922 SCH 2011
Holdings
Withdrawn status Lost status Source of classification or shelving scheme Damaged status Not for loan Permanent Location Current Location Date acquired Source of acquisition Total Checkouts Full call number Barcode Date last seen Cost, replacement price Price effective from Koha item type
          School of Art Design and Architecture (SADA) School of Art Design and Architecture (SADA) 01/05/2017 S.A.Rehman   720.922 SCH 2011 SADA0002684 02/15/2024 2237.76 02/15/2024 Book
© 2023 Central Library, National University of Sciences and Technology. All Rights Reserved.